| 000 | 00562nam a22001817a 4500 | ||
|---|---|---|---|
| 999 |
_c172819 _d172819 |
||
| 005 | 20200213124126.0 | ||
| 010 | _aENG-127727 | ||
| 020 |
_c180.00 _a9789388927314 |
||
| 035 | _aEN-111259 | ||
| 037 | _bDBAD/PUB | ||
| 082 | _a294.5 | ||
| 100 | _aChirag R.Adatiya | ||
| 245 |
_aVivekananda's Letters: _cby Chirag R.Adatiya _bthe Pathway to Accomplishing his Mission/ |
||
| 260 |
_aAhmedabad _c2019 _bVedant Publication |
||
| 270 |
_aRajkot, Ahmedabad, Surat _e360001 _bAhmedabad |
||
| 300 |
_a120p. _b21cm(pbk) |
||
| 942 |
_2ddc _cEN _h294.5 _mADA |
||